[Event "Thüringer Einzelmeisterschaft"]
[Site "Finsterbergen (Thüringen)"]
[Date "2007.04.08"]
[Round "8"]
[White "Müller, Robert"]
[Black "Manger, Erika"]
[Result "1-0"]
[WhiteElo "1708"]
[BlackElo "1386"]
[PlyCount "127"]
[EventDate "2007.??.??"]

1. d4 d5 2. c4 c6 3. Nc3 Nf6 4. Bg5 Nbd7 5. e3 e6 6. Nf3 Be7 7. Bd3 h6 8. Bh4
dxc4 9. Bxc4 Nd5 10. Bxe7 Qxe7 11. a3 Nxc3 12. bxc3 O-O 13. O-O b5 14. Bb3 Bb7
15. Qd3 c5 16. Bc2 Nf6 17. Qxb5 Bxf3 18. gxf3 cxd4 19. cxd4 Rab8 20. Qd3 g6 21.
Rab1 Nd5 22. Kh1 Qh4 23. Rg1 Rxb1 24. Bxb1 Qh5 25. Qe4 Nc3 26. Qg4 Qxg4 27.
fxg4 Rb8 28. Bd3 Rb3 29. Ra1 Rb2 30. Kg1 Rd2 31. Bc4 Ne4 32. Ra2 Rd1+ 33. Kg2
Rc1 34. Bd3 Nf6 35. h3 Nd5 36. Be4 Nf6 37. Bd3 Rd1 38. Be2 Rb1 39. Bf3 Nd5 40.
Bxd5 exd5 41. Kf3 Rh1 42. Kf4 Rxh3 43. Ke5 h5 44. gxh5 Rxh5+ 45. Kd6 Rh2 46.
Kxd5 g5 47. Ke4 g4 48. Kf4 f5 49. Rc2 a6 50. Kg3 Rh3+ 51. Kg2 Rf3 52. Rc6 a5
53. a4 Rh3 54. Rc5 Rh5 55. Rxa5 Kf7 56. e4 Ke6 57. exf5+ Kd6 58. Kg3 Rh3+ 59.
Kxg4 Rd3 60. d5 Rd2 61. f3 Rg2+ 62. Kf4 Rg8 63. f6 Rf8 64. Kf5 1-0

[Event "Thüringer Einzelmeisterschaft"]
[Site "Finsterbergen (Thüringen)"]
[Date "2007.04.08"]
[Round "8"]
[White "Bethge, Johanna"]
[Black "Hanisch, Rene"]
[Result "0-1"]
[WhiteElo "1526"]
[BlackElo "1800"]
[PlyCount "92"]
[EventDate "2007.??.??"]

1. e4 c5 2. Nf3 a6 3. d3 Nc6 4. Be3 e6 5. Nbd2 Nf6 6. Be2 Be7 7. O-O O-O 8. Nb3
b6 9. Ng5 d5 10. exd5 Nxd5 11. Nh3 Qc7 12. Bd2 Bf6 13. c3 e5 14. Bf3 Rd8 15.
Qc2 Bb7 16. Bg5 h6 17. Bxf6 Nxf6 18. Rae1 Rd7 19. Re2 Rad8 20. Nc1 a5 21. Rfe1
Re7 22. Bxc6 Bxc6 23. f4 e4 24. Qd2 Red7 25. Nf2 exd3 26. Re3 c4 27. b3 b5 28.
Kf1 Qb7 29. g4 Bh1 30. Rg3 Bf3 31. Kg1 Ne4 32. Nxe4 Bxe4 33. g5 h5 34. Rge3 Re7
35. f5 Rde8 36. f6 Re6 37. fxg7 Qb6 38. Qf2 Kxg7 39. h4 Bd5 40. Rxe6 Qxf2+ 41.
Kxf2 Rxe6 42. Rxe6 Bxe6 43. Ke3 Kg6 44. Nxd3 cxd3 45. Kxd3 Kf5 46. Kd4 Kg4 0-1

[Event "Thüringer Einzelmeisterschaft"]
[Site "Finsterbergen (Thüringen)"]
[Date "2007.04.09"]
[Round "9"]
[White "Fuchs, Antje"]
[Black "Fischer, Dennis"]
[Result "0-1"]
[WhiteElo "2087"]
[BlackElo "1830"]
[PlyCount "82"]
[EventDate "2007.??.??"]

1. Nf3 Nf6 2. g3 g6 3. Bg2 Bg7 4. c4 O-O 5. Nc3 d6 6. d4 c6 7. O-O Bd7 8. e4
Qc8 9. Re1 Bg4 10. Bg5 h6 11. Be3 Kh7 12. Rc1 Nbd7 13. h3 Bxf3 14. Qxf3 e5 15.
Qe2 Ng8 16. dxe5 dxe5 17. Red1 f5 18. exf5 gxf5 19. Rd6 Ndf6 20. Rcd1 Qe8 21.
Qc2 e4 22. Ne2 Nh5 23. g4 Be5 24. Rd7+ Kh8 25. gxh5 f4 26. Bxe4 Nf6 27. Bg6 Qe6
28. Bf5 Qg8+ 29. Bg4 fxe3 30. Rxb7 Nxg4 31. hxg4 Qxg4+ 32. Ng3 exf2+ 33. Kf1
Qh3+ 34. Ke2 Bg7 35. Rdd7 f1=Q+ 36. Nxf1 Qxf1+ 37. Ke3 Rae8+ 38. Re7 Rxe7+ 39.
Rxe7 Qf3+ 40. Kd2 Rd8+ 41. Ke1 Qh1+ 0-1

[Event "Thüringer Einzelmeisterschaft"]
[Site "Finsterbergen (Thüringen)"]
[Date "2007.04.09"]
[Round "9"]
[White "Bohatschek, Daniel"]
[Black "Wehner, Jannis"]
[Result "0-1"]
[WhiteElo "1818"]
[BlackElo "2225"]
[PlyCount "40"]
[EventDate "2007.??.??"]

1. e4 g6 2. Nc3 Bg7 3. Bc4 c5 4. f4 e6 5. d3 Ne7 6. Qe2 O-O 7. Nf3 Nbc6 8. a3
a6 9. O-O d5 10. Ba2 b5 11. Ng5 h6 12. f5 Nd4 13. Qd2 exf5 14. Nxf7 Rxf7 15.
exd5 Bb7 16. d6 Qxd6 17. Bxf7+ Kxf7 18. Ne4 Qc6 19. Qf2 Kg8 20. Ng3 Nb3 0-1

[Event "Thüringer Einzelmeisterschaft"]
[Site "Finsterbergen (Thüringen)"]
[Date "2007.04.09"]
[Round "9"]
[White "Wendling, Hannes"]
[Black "Skibbe, Willi"]
[Result "1/2-1/2"]
[WhiteElo "2123"]
[BlackElo "2168"]
[PlyCount "68"]
[EventDate "2007.??.??"]

1. e4 c5 2. Nc3 d6 3. Nge2 Nf6 4. d4 cxd4 5. Nxd4 a6 6. f3 e5 7. Nb3 Be6 8. Be3
Be7 9. Qd2 O-O 10. O-O-O Qc7 11. g4 Rc8 12. g5 Nh5 13. Nd5 Bxd5 14. exd5 Nd7
15. Bh3 g6 16. Kb1 a5 17. Rhf1 Nf4 18. Bxf4 exf4 19. Bxd7 Qxd7 20. Qxf4 Bf8 21.
Nd2 Qc7 22. Rc1 a4 23. Ne4 b5 24. Nf6+ Kh8 25. Qh4 h5 26. gxh6 a3 27. Ne4 Be7
28. Qf2 Ra4 29. c3 axb2 30. Qxb2 Qc4 31. Rfd1 Rca8 32. Rd4 Qxa2+ 33. Qxa2 Rxa2
34. Rc2 Ra1+ 1/2-1/2

[Event "Thüringer Einzelmeisterschaft"]
[Site "Finsterbergen (Thüringen)"]
[Date "2007.04.09"]
[Round "9"]
[White "Goemann, Jens"]
[Black "Wagner, Ronald"]
[Result "1/2-1/2"]
[WhiteElo "2171"]
[BlackElo "1807"]
[PlyCount "62"]
[EventDate "2007.??.??"]

1. c4 Nf6 2. Nf3 g6 3. g3 Bg7 4. Bg2 d6 5. O-O O-O 6. d4 Nbd7 7. Qc2 e5 8. Rd1
Qe7 9. Nc3 h6 10. e4 c6 11. h3 a5 12. b3 Rd8 13. Be3 exd4 14. Nxd4 Nc5 15. Re1
Nfd7 16. Rad1 Nf8 17. f4 Nfe6 18. Nde2 Bd7 19. Bf2 Nc7 20. g4 N7a6 21. Bg3 Nb4
22. Qb1 Be8 23. a3 Nba6 24. b4 axb4 25. axb4 Nd7 26. Bf2 Nc7 27. Rd3 g5 28. Ng3
gxf4 29. Nf5 Qe6 30. Rxd6 Qxc4 31. Rc1 Bxc3 1/2-1/2

[Event "Thüringer Einzelmeisterschaft"]
[Site "Finsterbergen (Thüringen)"]
[Date "2007.04.09"]
[Round "9"]
[White "Reichenbach, Marian"]
[Black "von Otte, Wilhelm"]
[Result "0-1"]
[WhiteElo "1601"]
[BlackElo "2024"]
[PlyCount "68"]
[EventDate "2007.??.??"]

1. d4 d5 2. Nf3 Nf6 3. e3 g6 4. Be2 Bg7 5. Nbd2 O-O 6. c4 b6 7. Ne5 Bb7 8. O-O
c5 9. Ndf3 Ne4 10. Qc2 e6 11. b3 cxd4 12. exd4 Nc6 13. Nxc6 Bxc6 14. Ne5 Bb7
15. Bb2 Rc8 16. Qd3 Qg5 17. f3 Bxe5 18. fxe4 dxe4 19. Qh3 Bg7 20. Rad1 Rcd8 21.
Bc1 Qe7 22. Be3 Rd7 23. Rd2 f5 24. Qg3 e5 25. Bg5 Qe8 26. d5 h6 27. Be3 f4 28.
Bxf4 exf4 29. Rxf4 Rxf4 30. Qxf4 Rf7 31. Qe3 Qe5 32. Bg4 Kh7 33. Re2 Qd4 34.
Be6 Rf8 0-1

[Event "Thüringer Einzelmeisterschaft"]
[Site "Finsterbergen (Thüringen)"]
[Date "2007.04.09"]
[Round "9"]
[White "Hanisch, Rene"]
[Black "Müller, Robert"]
[Result "1/2-1/2"]
[WhiteElo "1800"]
[BlackElo "1708"]
[PlyCount "86"]
[EventDate "2007.??.??"]

1. e4 c6 2. Nc3 d5 3. f4 dxe4 4. Nxe4 Nf6 5. Nf2 g6 6. Nf3 Bg7 7. g3 O-O 8. Bg2
Nbd7 9. O-O Qc7 10. Re1 Nb6 11. Ne5 e6 12. b3 Nbd5 13. Nfd3 Rb8 14. Bb2 b6 15.
Nc4 Nd7 16. Nde5 Bb7 17. Nxd7 Qxd7 18. Bxg7 Kxg7 19. Ne5 Qc7 20. Qc1 f6 21. Nf3
Rbe8 22. Qb2 Kg8 23. Bh3 f5 24. Re5 Re7 25. Rae1 Rfe8 26. Bf1 c5 27. Ng5 Bc8
28. Bg2 Qd6 29. d4 Nb4 30. a3 Na6 31. d5 Nc7 32. c4 h6 33. Nxe6 Bxe6 34. dxe6
Rxe6 35. Bd5 Nxd5 36. cxd5 Rxe5 37. Rxe5 Rxe5 38. Qxe5 Qxe5 39. fxe5 Kf7 40.
Kf2 g5 41. Ke3 b5 42. e6+ Ke7 43. Kd3 Kd6 1/2-1/2

[Event "Thüringer Einzelmeisterschaft"]
[Site "Finsterbergen (Thüringen)"]
[Date "2007.04.09"]
[Round "9"]
[White "Grube, Jan"]
[Black "Seiler, Mario"]
[Result "1/2-1/2"]
[WhiteElo "1784"]
[BlackElo "1682"]
[PlyCount "58"]
[EventDate "2007.??.??"]

1. c4 e6 2. d4 d5 3. Nc3 Nf6 4. Bg5 Be7 5. e3 O-O 6. Nf3 Nbd7 7. Qc2 h6 8. h4
c6 9. Bf4 Qa5 10. Nd2 Bb4 11. Nb3 Bxc3+ 12. bxc3 Qd8 13. f3 Nh5 14. Bd6 Re8 15.
g4 dxc4 16. gxh5 cxb3 17. axb3 e5 18. O-O-O Qf6 19. dxe5 Nxe5 20. f4 Ng4 21.
Bc5 Nxe3 22. Rd6 Qxd6 23. Bxd6 Nxc2 24. Kxc2 Bf5+ 25. Kb2 Re1 26. Be5 Be4 27.
Rg1 g6 28. hxg6 Rb1+ 29. Ka2 Rxf1 1/2-1/2

[Event "Thüringer Einzelmeisterschaft"]
[Site "Finsterbergen (Thüringen)"]
[Date "2007.04.09"]
[Round "9"]
[White "Manger, Erika"]
[Black "Gulich, Christian"]
[Result "0-1"]
[WhiteElo "1386"]
[BlackElo "2083"]
[PlyCount "56"]
[EventDate "2007.??.??"]

1. c4 e5 2. g3 Nc6 3. Bg2 g6 4. e3 Bg7 5. Ne2 f5 6. O-O Nf6 7. d3 O-O 8. Nbc3
d6 9. Bd2 Be6 10. Nd5 Rb8 11. b3 Ne7 12. Nxe7+ Qxe7 13. Nc3 c6 14. Rc1 d5 15.
cxd5 cxd5 16. Re1 e4 17. dxe4 fxe4 18. Nb5 Ng4 19. h3 Nxf2 20. Qe2 Bxh3 21. Rf1
Bg4 22. Qe1 Nd3 23. Rxf8+ Rxf8 24. Rc7 Qg5 25. Qb1 Be5 26. Rxb7 Bxg3 27. Nd4
Bf2+ 28. Kf1 Bxe3+ 0-1

[Event "SV Empor Erfurt 2-SV Hermsdorf"]
[Site "?"]
[Date "2009.12.20"]
[Round "4.1"]
[White "Sack, Matthias"]
[Black "Taudte, Stefan"]
[Result "1/2-1/2"]
[WhiteElo "1994"]
[BlackElo "1927"]
[PlyCount "83"]
[EventDate "2010.??.??"]

1. e4 e6 2. d4 d5 3. Nd2 Nc6 4. Ngf3 Nf6 5. e5 Nd7 6. c3 f6 7. Bb5 Be7 8. O-O
a6 9. Bd3 fxe5 10. Nxe5 Ndxe5 11. dxe5 Nxe5 12. Qh5+ Nf7 13. f4 g6 14. Qe2 O-O
15. Nf3 c5 16. Bd2 Qb6 17. Be3 Qd6 18. Rae1 Bd7 19. Bc1 Rae8 20. Qc2 Kg7 21.
Qf2 Bd8 22. Qg3 b5 23. Nh4 Nh8 24. Nf3 Nf7 25. h4 Kh8 26. Bb1 d4 27. cxd4 cxd4
28. Ne5 Nxe5 29. fxe5 Qc5 30. Bh6 Rxf1+ 31. Rxf1 Qe7 32. Bg5 Qc5 33. Bh6 Qe7
34. Rf6 Rg8 35. Qf4 Be8 36. Qxd4 Qd7 37. Qxd7 Bxd7 38. Rf7 Bb6+ 39. Kh2 Bc6 40.
Bg5 Bd8 41. Ra7 Bxg5 42. hxg5 1/2-1/2

[Event "SV Empor Erfurt 2-SV Hermsdorf"]
[Site "?"]
[Date "2009.12.20"]
[Round "4.2"]
[White "Strauch, Martin"]
[Black "Hanf, Robert"]
[Result "1/2-1/2"]
[WhiteElo "1729"]
[BlackElo "1824"]
[PlyCount "24"]
[EventDate "2010.??.??"]

1. e4 c5 2. Nf3 d6 3. c3 Nf6 4. h3 Nc6 5. Bd3 g6 6. O-O Bg7 7. Bc2 O-O 8. d4
Nd7 9. Re1 cxd4 10. cxd4 Qb6 11. d5 Nce5 12. Nbd2 Nxf3+ 1/2-1/2

[Event "SV Empor Erfurt 2-SV Hermsdorf"]
[Site "?"]
[Date "2009.12.20"]
[Round "4.4"]
[White "Wahlicht, Mike"]
[Black "Hadlich, Gerald"]
[Result "1-0"]
[WhiteElo "1884"]
[BlackElo "1819"]
[PlyCount "69"]
[EventDate "2010.??.??"]

1. e4 e6 2. d4 d5 3. Nc3 Bb4 4. e5 c5 5. Bd2 Ne7 6. Nb5 Bxd2+ 7. Qxd2 O-O 8. f4
a6 9. Nd6 cxd4 10. Nf3 Nbc6 11. O-O-O b5 12. Nxc8 Rxc8 13. Nxd4 Nxd4 14. Qxd4
Nf5 15. Qf2 d4 16. Bd3 Ne3 17. Rd2 Qb6 18. Kb1 b4 19. Rg1 a5 20. g4 a4 21. f5
b3 22. cxb3 axb3 23. f6 Qa5 24. a3 Nc4 25. Bxc4 Rxc4 26. Rxd4 Rc2 27. Qe3 Rxh2
28. Rb4 Qd5 29. Rxb3 gxf6 30. exf6 h6 31. g5 h5 32. g6 Qf5+ 33. Ka1 Qxf6 34.
Qh6 Qg7 35. gxf7+ 1-0

[Event "SV Empor Erfurt 2-SV Hermsdorf"]
[Site "?"]
[Date "2009.12.20"]
[Round "4.5"]
[White "Moje, Hans-Jürgen"]
[Black "Trautmann, Johannes"]
[Result "1/2-1/2"]
[WhiteElo "1820"]
[BlackElo "1740"]
[PlyCount "27"]
[EventDate "2010.??.??"]

1. e4 c5 2. d4 b6 3. Nf3 cxd4 4. c3 Bb7 5. e5 d3 6. Bxd3 g6 7. O-O Bg7 8. Qe2
Bxf3 9. Qxf3 Nc6 10. e6 fxe6 11. Bb5 Rc8 12. Bf4 e5 13. Bg3 Nf6 14. Bxc6
1/2-1/2

[Event "SV Empor Erfurt 2-SV Hermsdorf"]
[Site "?"]
[Date "2009.12.20"]
[Round "4.6"]
[White "Renner, Wolfgang"]
[Black "Hädrich, Dirk"]
[Result "1-0"]
[WhiteElo "1748"]
[BlackElo "1806"]
[PlyCount "83"]
[EventDate "2010.??.??"]

1. Nf3 e6 2. b3 f5 3. Bb2 Nf6 4. c4 b6 5. Nc3 Bb7 6. e3 Be7 7. Be2 d6 8. Nd4
Qd7 9. Bf3 c6 10. d3 e5 11. Nc2 O-O 12. h3 c5 13. Qe2 Bxf3 14. gxf3 d5 15. e4
d4 16. Nd5 f4 17. Qd2 Bd6 18. Ke2 Kh8 19. Rag1 Qf7 20. Na3 Nc6 21. Nb5 Rad8 22.
a4 Bb8 23. Qd1 Qb7 24. Bc1 a6 25. Na3 Rde8 26. Bd2 Bd6 27. Rg2 g6 28. Nxf6 Rxf6
29. h4 Rg8 30. Qg1 Qf7 31. Rh3 Be7 32. h5 gxh5 33. Rxg8+ Qxg8 34. Qh1 Qe6 35.
Rxh5 h6 36. Qh2 Kh7 37. Nc2 Bf8 38. Ne1 Ne7 39. Ng2 Qf7 40. Rxe5 Ng6 41. Rd5
Ne7 42. Rd7 1-0

[Event "SV Empor Erfurt 2-SV Hermsdorf"]
[Site "?"]
[Date "2009.12.20"]
[Round "4.7"]
[White "Pietzsch, Gerhard"]
[Black "Thiemann, Jürgen"]
[Result "1/2-1/2"]
[WhiteElo "1772"]
[BlackElo "1747"]
[PlyCount "85"]
[EventDate "2010.??.??"]

1. e4 c5 2. Nf3 d6 3. d4 cxd4 4. Nxd4 Nf6 5. Nc3 a6 6. Be2 e5 7. Nb3 Be6 8. Be3
Nbd7 9. O-O Be7 10. f4 Qc7 11. Kh1 Rc8 12. f5 Bc4 13. Bd3 b5 14. a3 Nb6 15. Nd2
O-O 16. Bxc4 Nxc4 17. Nxc4 Qxc4 18. Qf3 Rfd8 19. Bb6 Rd7 20. Rfd1 b4 21. axb4
Qxb4 22. Bg1 Qxb2 23. Na4 Qxc2 24. Nb6 Rc3 25. Nxd7 Rxf3 26. Nxf6+ gxf6 27.
gxf3 Qe2 28. Rf1 d5 29. Rf2 Qd3 30. exd5 Bb4 31. Rc1 Qxf5 32. Rd1 Bd6 33. Ra1
Qd3 34. Rc1 Kf8 35. Rc6 Ke7 36. Kg2 a5 37. Rcc2 Qxd5 38. Rfd2 Qa8 39. Bc5 Bxc5
40. Rxc5 Ke6 41. Ra2 e4 42. Rcxa5 exf3+ 43. Kf2 1/2-1/2

[Event "SV Empor Erfurt 2-SV Hermsdorf"]
[Site "?"]
[Date "2009.12.20"]
[Round "4.8"]
[White "Michalowski, Peter"]
[Black "Markowski, Erhard"]
[Result "1/2-1/2"]
[WhiteElo "1945"]
[BlackElo "1707"]
[PlyCount "127"]
[EventDate "2010.??.??"]

1. e4 c5 2. Nf3 Nc6 3. d4 cxd4 4. Nxd4 g6 5. Nc3 Bg7 6. Be3 Nf6 7. Bc4 O-O 8.
Bb3 d6 9. h3 Bd7 10. O-O a6 11. f4 Na5 12. Qe1 Rc8 13. Rd1 Nxb3 14. axb3 e6 15.
g4 Qe7 16. f5 exf5 17. exf5 Rfe8 18. Bf2 Ne4 19. Nxe4 Qxe4 20. Qxe4 Rxe4 21. c3
Rce8 22. fxg6 hxg6 23. Rfe1 Bh6 24. Kf1 f5 25. gxf5 gxf5 26. Rxe4 fxe4 27. Kg2
Re7 28. Bg3 Rg7 29. Ne2 Rg6 30. Rxd6 Rxd6 31. Bxd6 Bc6 32. Kg3 Kh7 33. Bf4 Bf8
34. Nd4 Bd7 35. h4 Kg6 36. Kf2 Be7 37. Ke3 Bxh4 38. Kxe4 Be7 39. Kd5 Kf7 40.
Bd6 Bf6 41. Be5 Be7 42. b4 Bh3 43. Kc4 Ke8 44. Kb3 Kd7 45. Ka4 Bg5 46. b5 axb5+
47. Kxb5 Be3 48. Nc2 Bc1 49. b4 Kc8 50. Bd4 Bf4 51. Na1 Bd7+ 52. Kc4 Be6+ 53.
Kc5 Bg5 54. Be5 Be7+ 55. Kd4 b5 56. Nc2 Kb7 57. Ke4 Kb6 58. Ne3 Kc6 59. Bd4 Bg5
60. Ke5 Bg8 61. Nf5 Bc4 62. Be3 Bd8 63. Nd4+ Kd7 64. Nf5 1/2-1/2

[Event "SV Schott Jena 2-SV Jenapharm Jena 3"]
[Site "?"]
[Date "2009.12.20"]
[Round "4.1"]
[White "Wagner, Günther"]
[Black "Saran, Bajar"]
[Result "1/2-1/2"]
[WhiteElo "1837"]
[BlackElo "1808"]
[PlyCount "28"]
[EventDate "2010.??.??"]

1. e4 e5 2. d4 Nc6 3. c3 exd4 4. Bc4 Nf6 5. Nf3 Nxe4 6. O-O Be7 7. Re1 d5 8.
Bd3 O-O 9. Nxd4 Nxd4 10. cxd4 Bb4 11. Re2 Re8 12. Qc2 Nf6 13. Bg5 Rxe2 14. Bxe2
Be7 1/2-1/2

[Event "SV Schott Jena 2-SV Jenapharm Jena 3"]
[Site "?"]
[Date "2009.12.20"]
[Round "4.2"]
[White "Schlachetka, Werner"]
[Black "Hesse, Norbert"]
[Result "1/2-1/2"]
[WhiteElo "1936"]
[BlackElo "1708"]
[PlyCount "46"]
[EventDate "2010.??.??"]

1. e4 d6 2. d4 Nf6 3. Nc3 g6 4. f4 Bg7 5. Nf3 O-O 6. e5 dxe5 7. dxe5 Qxd1+ 8.
Kxd1 Rd8+ 9. Ke1 Nd5 10. Nxd5 Rxd5 11. Bc4 Rd8 12. Be3 Nc6 13. Ng5 e6 14. Kf2
Bd7 15. Rad1 Ne7 16. Bc5 Bf8 17. Ne4 Bc6 18. Nf6+ Kg7 19. Rhe1 Ng8 20. Bxf8+
Rxf8 21. Nxg8 Rxg8 22. Rd2 Kf8 23. Red1 Ke7 1/2-1/2

[Event "SV Schott Jena 2-SV Jenapharm Jena 3"]
[Site "?"]
[Date "2009.12.20"]
[Round "4.3"]
[White "Horatschek, Peter"]
[Black "Bunke, Wilfried"]
[Result "0-1"]
[WhiteElo "1694"]
[BlackElo "1870"]
[PlyCount "48"]
[EventDate "2010.??.??"]

1. Nf3 Nf6 2. c4 e6 3. g3 d5 4. d4 Be7 5. Bg2 O-O 6. O-O c6 7. Nc3 b6 8. h3 Bb7
9. cxd5 cxd5 10. Be3 Nc6 11. Rc1 Rc8 12. a3 Na5 13. Nd2 Qd7 14. b4 Nc4 15. Nxc4
Rxc4 16. Qd3 Rfc8 17. Bd2 h6 18. e3 a5 19. b5 Bxa3 20. Nxd5 Bxd5 21. Qxa3 Rxc1
22. Rxc1 Rxc1+ 23. Qxc1 Bxg2 24. Kxg2 Qxb5 0-1

[Event "SV Schott Jena 2-SV Jenapharm Jena 3"]
[Site "?"]
[Date "2009.12.20"]
[Round "4.5"]
[White "Griechen, Harry"]
[Black "Jordan, Gunter"]
[Result "0-1"]
[WhiteElo "1608"]
[BlackElo "1849"]
[PlyCount "30"]
[EventDate "2010.??.??"]

1. b4 c6 2. Bb2 Qb6 3. c3 a5 4. Ba3 g6 5. bxa5 Qxa5 6. Qc2 Bg7 7. Bb2 d5 8. Nf3
Bf5 9. Qb3 Bxb1 10. Rxb1 Qxa2 11. Qd1 Na6 12. e3 Nh6 13. Ba1 O-O 14. Rxb7 Nc5
15. Rb1 Rfb8 0-1

[Event "SV Schott Jena 2-SV Jenapharm Jena 3"]
[Site "?"]
[Date "2009.12.20"]
[Round "4.6"]
[White "Flechsig, Bernd"]
[Black "Auerswald, Klaus"]
[Result "1/2-1/2"]
[WhiteElo "1723"]
[BlackElo "1636"]
[PlyCount "52"]
[EventDate "2010.??.??"]

1. e4 e5 2. d4 exd4 3. Qxd4 Nc6 4. Qe3 Be7 5. Bd2 Nf6 6. Nc3 d5 7. exd5 Nxd5 8.
Qg3 O-O 9. O-O-O Be6 10. Bh6 Bf6 11. Ne4 Kh8 12. c4 gxh6 13. cxd5 Bxd5 14. Nxf6
Qxf6 15. Rxd5 Nb4 16. Rd2 Rfe8 17. Nf3 Qc6+ 18. Kb1 Rad8 19. Qf4 Qg6+ 20. Bd3
Nxd3 21. Qg3 Qe4 22. Ka1 Nb4 23. a3 Nc2+ 24. Ka2 Rxd2 25. Nxd2 Qd5+ 26. Nb3 Nd4
1/2-1/2

[Event "SV Schott Jena 2-SV Jenapharm Jena 3"]
[Site "?"]
[Date "2009.12.20"]
[Round "4.7"]
[White "Horatschek, Martin jr"]
[Black "Scherübl, Maximilian"]
[Result "1/2-1/2"]
[WhiteElo "1513"]
[BlackElo "1551"]
[PlyCount "39"]
[EventDate "2010.??.??"]

1. e4 e5 2. Nf3 Nc6 3. Bc4 d6 4. O-O Bg4 5. c3 Be7 6. d3 Nf6 7. Bg5 h6 8. Be3
O-O 9. Nbd2 Re8 10. b4 d5 11. exd5 Nxd5 12. Qb3 Be6 13. Rfe1 a6 14. Rad1 Kh8
15. d4 b5 16. Bxd5 Bxd5 17. Qc2 Bf6 18. Ne4 exd4 19. Nxf6 Qxf6 20. Nxd4 1/2-1/2

[Event "SV Schott Jena 2-SV Jenapharm Jena 3"]
[Site "?"]
[Date "2009.12.20"]
[Round "4.8"]
[White "Schulz, Uwe"]
[Black "Osterloh, Felix"]
[Result "1-0"]
[WhiteElo "1740"]
[BlackElo "1467"]
[PlyCount "65"]
[EventDate "2010.??.??"]

1. d4 Nf6 2. c4 g6 3. Nc3 Bg7 4. e4 d6 5. Be2 O-O 6. Nf3 e5 7. d5 Nbd7 8. Bg5
a6 9. O-O Qe8 10. Re1 Nc5 11. Nd2 h6 12. Be3 Nh7 13. b4 Nxe4 14. Ndxe4 f5 15.
Qc1 g5 16. Nxg5 hxg5 17. Bxg5 Nxg5 18. Qxg5 Rf6 19. Rad1 f4 20. Bd3 Bd7 21. g4
Qf7 22. f3 Rh6 23. h4 Kh8 24. h5 Rg8 25. Bg6 Qf8 26. Ne4 Be8 27. Kg2 Bxg6 28.
hxg6 Qd8 29. Rh1 Qxg5 30. Nxg5 Rf8 31. Nf7+ Rxf7 32. gxf7 Bf8 33. Rxh6+ 1-0

[Event "SV Medizin Erfurt 2-MTV 1876 Saalfeld"]
[Site "?"]
[Date "2009.12.20"]
[Round "4.1"]
[White "Klebe, Jan"]
[Black "Fischer, Dennis"]
[Result "1-0"]
[WhiteElo "1920"]
[BlackElo "1917"]
[PlyCount "101"]
[EventDate "2010.??.??"]

1. e4 d6 2. d4 Nf6 3. Nc3 g6 4. f3 Bg7 5. Be3 O-O 6. Qd2 e5 7. Nge2 Nc6 8.
O-O-O exd4 9. Nxd4 Qe7 10. g4 Be6 11. h4 Nxd4 12. Bxd4 h5 13. gxh5 Nxh5 14. Bh3
Bxd4 15. Qxd4 Qf6 16. Qxf6 Nxf6 17. Rdg1 Bxh3 18. Rxh3 Nh5 19. Rh2 Kh7 20. Rhg2
Rad8 21. Rg4 Rh8 22. Nd5 Rd7 23. Rg5 Kg7 24. R5g4 c6 25. Ne3 Kf8 26. Rd1 Nf6
27. Rf4 Ke7 28. a4 a6 29. a5 Rh5 30. Nc4 d5 31. Nb6 Rd8 32. c4 d4 33. b4 Ne8
34. c5 Nc7 35. Nc4 Nb5 36. Kc2 Ke6 37. e5 g5 38. Rf6+ Ke7 39. Nd6 Nxd6 40.
cxd6+ Kf8 41. hxg5 Rxg5 42. f4 Rg2+ 43. Kb3 Kg7 44. Rxd4 Rg6 45. Rxg6+ Kxg6 46.
Kc4 Kf5 47. Kc5 Rd7 48. Kb6 f6 49. exf6 Kxf6 50. Ka7 Ke6 51. Kb8 1-0

[Event "SV Medizin Erfurt 2-MTV 1876 Saalfeld"]
[Site "?"]
[Date "2009.12.20"]
[Round "4.2"]
[White "Sunderbrink, Heino"]
[Black "Böhl, Dietmar"]
[Result "0-1"]
[WhiteElo "1929"]
[BlackElo "1911"]
[PlyCount "64"]
[EventDate "2010.??.??"]

1. Nf3 g6 2. c4 Bg7 3. d4 Nf6 4. Nc3 d5 5. g3 O-O 6. cxd5 Nxd5 7. Bg2 c5 8. e4
Nxc3 9. bxc3 Nc6 10. Be3 cxd4 11. cxd4 Qa5+ 12. Qd2 Qxd2+ 13. Kxd2 Rd8 14. Rad1
Nxd4 15. Bxd4 Bxd4 16. Kc2 Bb6 17. Rxd8+ Bxd8 18. Nd2 Bd7 19. e5 Rc8+ 20. Kb2
Ba5 21. Ne4 Bf5 22. Rc1 Rd8 23. Rc4 Kg7 24. h3 h5 25. Kc1 b5 26. Rc5 Bb6 27.
Rxb5 Rd4 28. f3 Ra4 29. Kb2 Be6 30. Nc3 Bd4 31. a3 Rc4 32. Rb3 Rc7 0-1

[Event "SV Medizin Erfurt 2-MTV 1876 Saalfeld"]
[Site "?"]
[Date "2009.12.20"]
[Round "4.3"]
[White "Liebisch, Dieter"]
[Black "Reichenbach, Marian"]
[Result "1-0"]
[WhiteElo "1915"]
[BlackElo "1803"]
[PlyCount "122"]
[EventDate "2010.??.??"]

1. d4 d5 2. Bf4 e6 3. e3 f5 4. Bd3 Nf6 5. h3 Be7 6. g4 Ne4 7. gxf5 exf5 8. Nf3
Be6 9. Rg1 g6 10. Ne5 Nd7 11. Nd2 Ndf6 12. f3 Nd6 13. c3 Nh5 14. Bh2 Bh4+ 15.
Ke2 Qe7 16. Qa4+ Bd7 17. Qa5 Be6 18. Qa4+ Bd7 19. Qxd7+ Qxd7 20. Nxd7 Kxd7 21.
c4 f4 22. c5 Rae8 23. e4 Nf5 24. Nb3 g5 25. e5 Nhg7 26. c6+ Kxc6 27. Rac1+ Kb6
28. Rc3 Rhf8 29. Rgc1 c6 30. Bg1 h5 31. Nc5 Re7 32. Rb3+ Kc7 33. Rxb7+ Kc8 34.
Ba6 Rxb7 35. Nxb7 Kc7 36. Nc5 Ng3+ 37. Kd2 g4 38. hxg4 hxg4 39. fxg4 f3 40. Bf2
Bg5+ 41. Kc2 Bxc1 42. Kxc1 Nh1 43. Bh4 f2 44. Bf6 Ng3 45. Kd1 Rf7 46. Bxg7
f1=Q+ 47. Bxf1 Rxf1+ 48. Kc2 Ne4 49. Nxe4 dxe4 50. g5 Kd7 51. Bf6 Rg1 52. Kd2
Rg3 53. a4 Ke6 54. Ke2 Kf5 55. b4 Rb3 56. b5 cxb5 57. d5 bxa4 58. d6 Rb8 59. d7
a3 60. Kd2 a2 61. Kc2 a6 {Rest nicht nachvollziehbar} 1-0

[Event "SV Medizin Erfurt 2-MTV 1876 Saalfeld"]
[Site "?"]
[Date "2009.12.20"]
[Round "4.4"]
[White "Hermann, Ingo"]
[Black "Petzold, Thomas"]
[Result "0-1"]
[WhiteElo "1881"]
[BlackElo "1854"]
[PlyCount "78"]
[EventDate "2010.??.??"]

1. e4 c5 2. c3 d6 3. d4 Nf6 4. Bd3 Nc6 5. Ne2 g6 6. Be3 Ng4 7. Bd2 Bg7 8. h3
Nf6 9. Be3 b6 10. O-O O-O 11. f4 e5 12. d5 Ne7 13. fxe5 dxe5 14. c4 Ne8 15.
Nbc3 Nd6 16. Kh1 f5 17. Ng1 f4 18. Bd2 Qe8 19. Qe2 g5 20. a3 Qg6 21. b4 g4 22.
hxg4 Bxg4 23. Nf3 Bf6 24. Kg1 Qh5 25. Qf2 Rac8 26. b5 Kh8 27. Rfb1 Ng6 28. Be1
Rg8 29. Kf1 Bxf3 30. Qxf3 Qh6 31. Ke2 Bh4 32. Bf2 Bxf2 33. Qxf2 f3+ 34. Qxf3
Nf4+ 35. Kd1 Rxg2 36. Ne2 Rh2 37. Nxf4 Rf8 38. Be2 Rxf4 39. Qg3 Rf1+ 0-1

[Event "SV Medizin Erfurt 2-MTV 1876 Saalfeld"]
[Site "?"]
[Date "2009.12.20"]
[Round "4.5"]
[White "Wagner, Ronald"]
[Black "Kube, Hannelore"]
[Result "1/2-1/2"]
[WhiteElo "1760"]
[BlackElo "1835"]
[PlyCount "22"]
[EventDate "2010.??.??"]

1. Nf3 {[%emt 0:00:00]} d5 2. d4 e6 3. g3 f5 4. Bg2 Nf6 5. Nbd2 Be7 6. c4 O-O
7. O-O c6 8. Qc2 Qe8 9. Ne5 Nbd7 10. Ndf3 Ne4 11. Bf4 g5 1/2-1/2

[Event "SV Medizin Erfurt 2-MTV 1876 Saalfeld"]
[Site "?"]
[Date "2009.12.20"]
[Round "4.6"]
[White "Reichel, Thomas"]
[Black "Quandt, Friedbert"]
[Result "1-0"]
[WhiteElo "1725"]
[BlackElo "1757"]
[PlyCount "49"]
[EventDate "2010.??.??"]

1. e4 c5 2. d4 cxd4 3. c3 dxc3 4. Nxc3 Nc6 5. Nf3 e6 6. Bc4 Nf6 7. O-O a6 8.
Qe2 Qc7 9. Rd1 Bc5 10. h3 O-O 11. Bg5 Nh5 12. e5 Ng3 13. Qd2 Nf5 14. Bf4 Nfd4
15. Nxd4 Bxd4 16. Rac1 Bxe5 17. Be3 d5 18. Bb3 d4 19. Bxd4 Bxd4 20. Ne4 Rd8 21.
Qg5 Qe5 22. Qh4 h6 23. Rxc6 g5 24. Qxh6 bxc6 25. Rxd4 1-0

[Event "TSV Zeulenroda-SG Arnstadt-Stadtilm 2"]
[Site "?"]
[Date "2009.12.20"]
[Round "4.1"]
[White "Maaz, Ernst"]
[Black "Ahnert, Toni"]
[Result "1/2-1/2"]
[WhiteElo "1882"]
[BlackElo "1938"]
[PlyCount "42"]
[EventDate "2010.??.??"]

1. d4 Nf6 2. Nf3 e6 3. Bg5 d5 4. e3 Be7 5. Bd3 Nbd7 6. O-O O-O 7. Nbd2 h6 8.
Bh4 a6 9. Re1 c5 10. c3 b6 11. e4 dxe4 12. Nxe4 Bb7 13. dxc5 Nxc5 14. Nxc5 Bxc5
15. Qe2 Be7 16. Rad1 Qc7 17. Bxf6 Bxf6 18. Be4 Rfd8 19. Bxb7 Qxb7 20. Rxd8+
Rxd8 21. Rd1 Rxd1+ 1/2-1/2